LEADER 01079nam a2200229 4500 001 000000366850 003 CaOOAMICUS 005 20260320104942.0 008 260316s2025 it a 000 u ita r 040 $aSeMil$bita 100 1 $aVarischetti, Lino,$c.$0(OLS)http://semarc/name/11101 245 10$aDon Giovanni Folci :$bvita e opere /$cLino Varischetti. 264 1$aValle di Colorina (So) :$bOpera Don Folci,$c2025. 300 $a141 p. :$bill. ;$c21 cm 500 $aEstratto dal libro : Lino Varischetti, Don Giovanni Folci, prete per i preti : appunti, ricerche, testimonianze 600 14$aFolci, Giovanni .$0(OLS)http://semarc/subject/35799 850 $aSeMil 852 $aSeMil$W1$xVenegono$y1$m3F II 159$j268737$B257615$CSeMilBibl$Z2$F257615 $81 961 $aOpera Divin Prigioniero - Colorina (So) - Omaggio 996 $6245$aDon Giovanni Folci :$bvita e opere$9(OLS)http://semarc/title/458647 996 $6264$aValle di Colorina (So) :$bOpera Don Folci$9(OLS)http://semarc/publisher/62944